Kadra USA na mundial 2022 - Statystyki

Ogólne statystyki
  • Ten quiz został rozwiązany 48 razy
    22 od ostatniego zresetowania
  • Średni wynik to 16 z 26
Statystyki odpowiedzi
Pozycja Zawodnik % Poprawnych
Napastnik Christian Pulisic
100%
Napastnik Timothy Weah
93%
Napastnik Giovanni Reyna
86%
Obrońca Tim Ream
86%
Pomocnik Tyler Adams
79%
Pomocnik Weston McKennie
79%
Bramkarz Matt Turner
71%
Obrońca Sergino Dest
71%
Obrońca Walker Zimmerman
71%
Obrońca Antonee Robinson
64%
Pomocnik Brenden Aaronson
64%
Pomocnik Yunus Musah
64%
Bramkarz Ethan Horvath
57%
Napastnik Haji Wright
57%
Napastnik Jesus Ferreira
57%
Obrońca DeAndre Yedlin
50%
Obrońca Joe Scally
50%
Napastnik Josh Sargent
50%
Bramkarz Sean Johnson
50%
Obrońca Aaron Long
43%
Obrońca Cameron Carter-Vickers
43%
Pomocnik Cristian Roldan
43%
Napastnik Jordan Morris
43%
Pomocnik Kellyn Acosta
43%
Pomocnik Luca de la Torre
43%
Obrońca Shaq Moore
43%
Nie znaleziono quizów pasujących do podanych kryteriów
Rozkład punktacji
Procent ludzi z każdym wynikiem
Percentyl według liczby udzielonych odpowiedzi
Twoja historia wyników
Nie rozwiązałeś tego quizu od ostatniego zresetowania